Bibliografía sobre sarmiento /

Guardado en:
Autor Principal: Universidad Nacional de La Plata
Formato: Libro
Publicado: La Plata : , 1938
Etiquetas: Agregar Etiqueta
Sin Etiquetas, Sea el primero en etiquetar este registro!
LEADER 00407nam a22001455a 4500
001 CEM.cems006385
005 20060214000000.0
008 130507s1938##################000#0#####d
003 CEMS
082 0 4 |a 012.923 
100 1 |a Universidad Nacional de La Plata 
245 1 0 |a Bibliografía sobre sarmiento / 
260 |a La Plata :  |b ,  |c 1938 
300 |a 62 p. 
859 |a CEMS  |b BIB. CEMS - 11 de abril  |h 012.923  |i L11  |p 10733.81  |t Ej.1